000 00695nam a2200241Ia 4500
001 996
003 GE_BSU
008 181216s||||||||xx |||||||||||||| ||und||
020 _a5947233622
040 _cGE_BSU
080 _a159.9:008
245 _aПсихология и культура
245 _bПод ред.Девида Мацумото.Научн. ред. перевода на русск. яз.А.С. Кармин
260 _aСПБ
260 _bПитер
260 _c2003
300 _a718стр.
541 _h20л.
653 _aпсихология
653 _aПсихология и культура
653 _aფსიქოლოგია
942 _cBK
999 _c35154
_d35154